[Event "CP.2001.P.00057"]
[Site "IECG"]
[Date "2001.10.01"]
[Round "?"]
[White "De Silva, Dinesh"]
[Black "Lloyd, Dave"]
[Result "1-0"]
[WhiteElo "2177"]
[BlackElo "2017"]
[PlyCount "65"]
[EventDate "2001.10.01"]
[EventType "tourn (corr)"]
[EventCountry "SRI"]
[SourceTitle "Telechess CBM 143"]
[Source "ChessBase"]
[SourceDate "2011.07.15"]
[SourceVersion "1"]
[SourceVersionDate "2011.07.15"]
[SourceQuality "1"]

1. e4 e6 2. b3 b6 3. Bb2 Bb7 4. Nc3 c5 5. Nf3 Nc6 6. d4 cxd4 7. Nxd4 Nxd4 8. Qxd4 Nf6 9. Be2 Bc5 10. Qd3 0-0 11. Bf3 d5 12. exd5 Nxd5 13. 0-0 Qf6 14. Na4 Qe7 15. Nxc5 bxc5 16. Rfe1 Rad8 17. Qc4 Rd7 18. Rad1 Rfd8 19. h3 h6 20. a3 a6 21. Rd3 Qg5 22. h4 Qe7 23. Be4 Qf8 24. Rg3 f6 25. Bd3 Nc7 26. Qf4 Kh8 27. Qg4 Qf7 28. Bc3 Rc8 29. Ba5 Rd4 30. Qg6 Qxg6 31. Bxg6 Nd5 32. Rxe6 Rxh4 33. Bd3 1-0

[Event "IECG C1.2001.0.00354"]
[Site "IECG email"]
[Date "2001.04.15"]
[Round "?"]
[White "Lloyd, Dave"]
[Black "Hnatovsky, Nicholas"]
[Result "1/2-1/2"]
[WhiteElo "2016"]
[BlackElo "2150"]
[PlyCount "65"]
[EventDate "2001.04.15"]
[EventType "tourn (corr)"]
[EventRounds "5"]
[SourceTitle "Corr 2008"]
[Source "ChessBase"]
[SourceDate "2008.06.24"]
[SourceVersion "1"]
[SourceVersionDate "2008.06.24"]
[SourceQuality "1"]

1. c4 e5 2. g3 Nf6 3. Bg2 d5 4. cxd5 Nxd5 5. Nf3 Nc6 6. 0-0 Nb6 7. d3 Be7 8. Nbd2 0-0 9. a3 a5 10. b3 Be6 11. Bb2 f6 12. Qc2 Rf7 13. Rfd1 Bf8 14. e3 Bd5 15. d4 exd4 16. Nxd4 Bxg2 17. Kxg2 Nxd4 18. Bxd4 Qd5+ 19. Kg1 c5 20. Nc4 Nxc4 21. bxc4 Qe6 22. Bb2 a4 23. Rd5 b5 24. e4 b4 25. Rad1 Rb7 26. f3 Qc6 27. Kg2 Rab8 28. R1d2 bxa3 29. Bxa3 Rb3 30. R2d3 Qe6 31. Bc1 R8b4 32. Ba3 Rb8 33. Bc1 1/2-1/2

[Event "IECG C1.2001.0.00354"]
[Site "IECG email"]
[Date "2001.04.15"]
[Round "?"]
[White "Viswanathan, Kartik"]
[Black "Lloyd, Dave"]
[Result "0-1"]
[WhiteElo "2076"]
[BlackElo "2016"]
[PlyCount "24"]
[EventDate "2001.04.15"]
[EventType "tourn (corr)"]
[EventRounds "5"]
[SourceTitle "Corr 2008"]
[Source "ChessBase"]
[SourceDate "2008.06.24"]
[SourceVersion "1"]
[SourceVersionDate "2008.06.24"]
[SourceQuality "1"]

1. d4 Nf6 2. c4 Nc6 3. d5 Ne5 4. b3 e6 5. f4 Ng6 6. dxe6 fxe6 7. g3 d5 8. cxd5 exd5 9. Bg2 Bf5 10. Bb2 c6 11. Nd2 Ng4 12. Qc1 Qb6 0-1

[Event "IECG C1.2000.0.00255"]
[Site "IECG email"]
[Date "2000.01.16"]
[Round "?"]
[White "Lloyd, Dave"]
[Black "Lovelace, Randy C"]
[Result "1-0"]
[WhiteElo "2062"]
[BlackElo "2066"]
[PlyCount "25"]
[EventDate "2000.01.16"]
[EventType "tourn (corr)"]
[EventRounds "6"]
[SourceTitle "Corr 2008"]
[Source "ChessBase"]
[SourceDate "2008.06.24"]
[SourceVersion "1"]
[SourceVersionDate "2008.06.24"]
[SourceQuality "1"]

1. c4 c6 2. g3 d5 3. Bg2 Nf6 4. Nf3 Bg4 5. Ne5 Be6 6. d3 Nbd7 7. Nxd7 Qxd7 8. cxd5 Bxd5 9. 0-0 Bxg2 10. Kxg2 g6 11. Nc3 Bg7 12. Bd2 0-0 13. Rc1 1-0

[Event "IECG CM.1999.0.00087"]
[Site "IECG email"]
[Date "1999.??.??"]
[Round "?"]
[White "Laczay, Istvan"]
[Black "Lloyd, Dave"]
[Result "1/2-1/2"]
[WhiteElo "2257"]
[BlackElo "2200"]
[PlyCount "53"]
[EventDate "1999.08.30"]
[EventType "tourn (corr)"]
[EventRounds "6"]
[SourceTitle "Corr 2008"]
[Source "ChessBase"]
[SourceDate "2008.06.24"]
[SourceVersion "1"]
[SourceVersionDate "2008.06.24"]
[SourceQuality "1"]

1. d4 Nf6 2. c4 e6 3. Nc3 Bb4 4. e3 0-0 5. Nge2 Re8 6. a3 Bf8 7. e4 d6 8. Bg5 h6 9. Bxf6 Qxf6 10. Ng3 Nc6 11. d5 exd5 12. cxd5 Ne5 13. Be2 a6 14. 0-0 c5 15. Rc1 b5 16. f4 Ng6 17. Kh1 Rb8 18. Nh5 Qd4 19. Qe1 c4 20. Qg3 Kh7 21. Rfd1 Qa7 22. Bf3 Bd7 23. Re1 Qc7 24. Bg4 Bxg4 25. Qxg4 Qc8 26. Qxc8 Rbxc8 27. Re2 1/2-1/2

[Event "IECG CM.1999.0.00065"]
[Site "IECG email"]
[Date "1999.??.??"]
[Round "?"]
[White "Lloyd, Dave"]
[Black "Bruckmayr, Friedrich"]
[Result "1/2-1/2"]
[WhiteElo "2200"]
[BlackElo "2293"]
[PlyCount "65"]
[EventDate "1999.01.11"]
[EventType "tourn (corr)"]
[EventRounds "6"]
[SourceTitle "Corr 2008"]
[Source "ChessBase"]
[SourceDate "2008.06.24"]
[SourceVersion "1"]
[SourceVersionDate "2008.06.24"]
[SourceQuality "1"]

1. d4 Nf6 2. Nf3 d5 3. Bf4 c5 4. e3 e6 5. Nbd2 Nc6 6. c3 Bd6 7. Bg3 0-0 8. Bd3 Re8 9. Ne5 Bxe5 10. dxe5 Nd7 11. Nf3 f5 12. exf6 Nxf6 13. Ne5 a6 14. 0-0 Nxe5 15. Bxe5 Bd7 16. Qc2 Qe7 17. c4 b5 18. cxd5 exd5 19. Bxf6 gxf6 20. Rac1 c4 21. Bf5 Bxf5 22. Qxf5 Qe5 23. Qc2 Rad8 24. Rcd1 d4 25. Rxd4 Rxd4 26. exd4 Qxd4 27. Rd1 Qe5 28. g3 Qe2 29. Rd2 Qf3 30. Qc1 Re7 31. Rd8+ Kg7 32. Qd2 Kg6 33. Rg8+ 1/2-1/2

[Event "IECG CM.1999.0.00087"]
[Site "IECG email"]
[Date "1999.??.??"]
[Round "?"]
[White "Lloyd, Dave"]
[Black "Monteverde, Italo"]
[Result "0-1"]
[WhiteElo "2200"]
[BlackElo "2319"]
[PlyCount "100"]
[EventDate "1999.08.30"]
[EventType "tourn (corr)"]
[EventRounds "6"]
[SourceTitle "Corr 2008"]
[Source "ChessBase"]
[SourceDate "2008.06.24"]
[SourceVersion "1"]
[SourceVersionDate "2008.06.24"]
[SourceQuality "1"]

1. c4 e5 2. Nc3 Nc6 3. g3 f5 4. Bg2 g6 5. e3 Bg7 6. Nge2 e4 7. d3 exd3 8. Qxd3 Nge7 9. b3 b6 10. Bb2 Bb7 11. Qd2 Rb8 12. Nd5 Ne5 13. 0-0 Nxd5 14. cxd5 0-0 15. Rac1 c5 16. dxc6 dxc6 17. Rfd1 Qxd2 18. Rxd2 c5 19. Bxe5 Bxe5 20. Rcd1 Bxg2 21. Kxg2 Rb7 22. Nf4 Bxf4 23. exf4 Re7 24. Kf3 Kf7 25. h4 Rc8 26. h5 c4 27. bxc4 Rxc4 28. Kg2 Rcc7 29. h6 Re6 30. Rd8 Re8 31. R8d2 b5 32. f3 b4 33. g4 Re3 34. Kf2 Rce7 35. Rb2 fxg4 36. fxg4 R3e4 37. Kf3 Rc4 38. Rbd2 Rc3+ 39. Rd3 a5 40. R1d2 Rxd3+ 41. Rxd3 a4 42. Rd8 Rb7 43. Rh8 Ke6 44. Re8+ Kd6 45. g5 b3 46. axb3 axb3 47. Re1 b2 48. Rb1 Ke6 49. Kg4 Rb4 50. Re1+ Kd5 0-1

[Event "IECG CM.1999.0.00065"]
[Site "IECG email"]
[Date "1999.??.??"]
[Round "?"]
[White "Lloyd, Dave"]
[Black "Noomen, Jeroen"]
[Result "0-1"]
[WhiteElo "2200"]
[BlackElo "2532"]
[PlyCount "76"]
[EventDate "1999.01.11"]
[EventType "tourn (corr)"]
[EventRounds "6"]
[SourceTitle "Corr 2008"]
[Source "ChessBase"]
[SourceDate "2008.06.24"]
[SourceVersion "1"]
[SourceVersionDate "2008.06.24"]
[SourceQuality "1"]

1. d4 d5 2. Nf3 Nf6 3. Bf4 c5 4. e3 Nc6 5. c3 Qb6 6. Qb3 c4 7. Qc2 Bf5 8. Qc1 h6 9. Be2 e6 10. Nbd2 Qa5 11. 0-0 Be7 12. h3 0-0 13. b4 cxb3 14. axb3 Qb6 15. Qb2 Rfc8 16. c4 dxc4 17. Nxc4 Qd8 18. Rfc1 Nb4 19. Ne1 a6 20. Bh2 b5 21. Ne5 Rxc1 22. Rxc1 Rc8 23. N1d3 Nxd3 24. Bxd3 Bxd3 25. Nxd3 a5 26. Kf1 a4 27. bxa4 bxa4 28. Qb7 Rxc1+ 29. Nxc1 Qa5 30. Qc8+ Kh7 31. Qc2+ g6 32. e4 Qb4 33. Be5 a3 34. f3 Nd7 35. Nd3 Qa5 36. Qa2 Nxe5 37. Nxe5 Qc3 38. Nc4 Qxd4 0-1

[Event "IECG CM.1999.0.00065"]
[Site "IECG email"]
[Date "1999.??.??"]
[Round "?"]
[White "Simmelink, Joop Theo"]
[Black "Lloyd, Dave"]
[Result "1-0"]
[WhiteElo "2404"]
[BlackElo "2200"]
[PlyCount "45"]
[EventDate "1999.01.11"]
[EventType "tourn (corr)"]
[EventRounds "6"]
[SourceTitle "Corr 2008"]
[Source "ChessBase"]
[SourceDate "2008.06.24"]
[SourceVersion "1"]
[SourceVersionDate "2008.06.24"]
[SourceQuality "1"]

1. e4 g6 2. d4 Bg7 3. Nc3 c6 4. f4 d5 5. e5 h5 6. Be3 Nh6 7. Nf3 Bg4 8. h3 Bxf3 9. Qxf3 Nf5 10. Bf2 h4 11. Bd3 Qb6 12. Bxf5 gxf5 13. 0-0-0 Nd7 14. Rdg1 0-0-0 15. g4 hxg3 16. Rxg3 Bh6 17. Rhg1 Nf8 18. Kb1 Ng6 19. e6 Bxf4 20. exf7 Bxg3 21. Qxf5+ e6 22. Qxe6+ Rd7 23. Rxg3 1-0